00629nam a2200253Ia 4500008004100000020001900041100001600060245003000076245002900106260001500135260002000150260000900170300001700179300001100196440002700207440001100234650002600245650001600271650001400287650002200301650002200323650002200345700000800367160803s9999 xx 000 0 und d a978-0439837767 aBenz, Derek 4aThe fall of the Templar / cDerek Benz & J.S. Lewis. aNew York : bScholastic Inc. c2008 a291 pages ;  c22 cm. aGrey Griffins Series : vbk. 3. aAnimals, Mythical --  aFairies --  aMagic --  xJuvenile fiction. xJuvenile fiction. xJuvenile fiction. a850